LEADER 00827nam0 2200265 450 001 000023308 005 20090220101539.0 100 $a20090220d1951----km-y0itay50------ba 101 1 $aita$cfre 102 $aIT 105 $ay-------001yy 200 1 $a<>guerra delle materie prime$fHenry Peyret 210 $aMilano$cGarzanti$dc1951 215 $a119 p.$d19 cm 225 2 $aSaper tutto$v21 410 0$12001$aSaper tutto$v21 500 10$m$a<>guerre des matières premières$946402 610 1 $aMaterie prime$aEuropa 676 $a333.7$v19$9Economia delle risorse naturali 700 1$aPeyret,$bHenry$0129580 801 0$aIT$bUNIPARTHENOPE$c20090220$gRICA$2UNIMARC 912 $a000023308 951 $a041/2$b887$cNAVA2$d2009 996 $aGuerre des matières premières$946402 997 $aUNIPARTHENOPE LEADER 01032nam0 22002533i 450 001 VAN00115752 005 20240806100754.879 010 $a978-88-15-25291-3 100 $a20180329d2014 |0itac50 ba 101 $aita 102 $aIT 105 $a|||| ||||| 200 1 $aLingue d'Italia fuori d'Italia$eEuropa, Mediterraneo e Levante dal Medioevo all'età moderna$fEmanuele Banfi. - Bologna$eIl mulino, 2014 210 $a392 p.$a22 cm. 410 1$1001VAN00003835$12001 $aStudi e ricerche$v678 620 $dBologna$3VANL000003 700 1$aBanfi$bEmanuele$3VANV012512$0124759 712 $aIl Mulino $3VANV107886$4650 801 $aIT$bSOL$c20260320$gRICA 899 $aBIBLIOTECA DEL DIPARTIMENTO DI LETTERE E BENI CULTURALI$1IT-CE0103$2VAN07 912 $aVAN00115752 950 $aBIBLIOTECA DEL DIPARTIMENTO DI LETTERE E BENI CULTURALI$d07CONS Zc 115 $e07UBL1006 20180329 996 $aLingue d'Italia fuori d'Italia$9256859 997 $aUNICAMPANIA